| 000 | 00726nam a2200229 i 4500 | ||
|---|---|---|---|
| 001 | bg | ||
| 100 | 1 | _aCIĄŻYŃSKI, Władysław. | |
| 245 | 1 | 0 |
_aElektronika w zadaniach. _nT.1, _pAnaliza stałoprądowa układów półprzewodnikowych / _cWładysław Ciążyński. |
| 260 |
_aGliwice : _bWydaw. Pracowni Komputerowej Jacka Skalmierskiego, _c1999. |
||
| 300 |
_a160 s. : _brys. ; _c24 cm. |
||
| 504 | _aBibliogr. s.141. | ||
| 650 | 9 |
_aElektronika _xpomiary |
|
| 650 | 9 |
_aPółprzewodniki _xurządzenia |
|
| 655 | _aPodręczniki akademickie | ||
| 020 | _a8386644273 | ||
| 040 | _cBPK | ||
| 041 | 0 | _apl | |
| 080 | _a621.382(075.8) | ||
| 920 | _a83-86644-27-3 | ||
| 942 | _cKS | ||
| 008 | s pl f |000 0 pol | ||
| 999 |
_c37394 _d37394 |
||
| 856 |
_uhttp://koha.tu.koszalin.pl/cgi-bin/koha/opac-detail.pl?biblionumber=37394 _yKatalog online BPK |
||